| 000 | 00849na a2200289 4500 | ||
|---|---|---|---|
| 001 | 13508 | ||
| 003 | MIRAKIL | ||
| 005 | 20181213155205.0 | ||
| 008 | 161019b tu 000 0 | ||
| 020 | _a9786054523481 | ||
| 035 | _a13508 | ||
| 040 |
_aMilas _btur _cTR-AnCHP |
||
| 082 |
_a320.9561 _bB22t 2012 |
||
| 090 | _a320.9561 B22t 2012 | ||
| 100 | _aBadeli, Nahsen | ||
| 245 |
_aTürkiye'nin son yüzyılı ve sosyal demokrasi _cNahsen Badeli |
||
| 260 |
_aAnkara _bAlter Yayıncılık _c2012 |
||
| 300 |
_a604 s. _c21 sm. |
||
| 500 | _aYapıt yazarından imzalıdır. | ||
| 504 | _aKaynakça var. | ||
| 650 |
_aSosyal demokrasi _zTürkiye |
||
| 650 |
_aDemokrasi _yTarih _zTürkiye |
||
| 650 |
_aSiyasal süreç _zTürkiye |
||
| 651 |
_aTürkiye _xSiyasal tarih |
||
| 651 |
_aTürkiye _xSiyaset ve yönetim _yTarih |
||
| 942 |
_2dcc _cBKS |
||
| 999 |
_c8275 _d8275 |
||